000 00573nam a2200229Ia 4500
003 OSt
005 20221005130648.0
006 a|||||r|||| 00| 0
007 ta
008 221004b |||||||| |||| 00| 0 mal d
024 _a54689
037 _cTextual
040 _aCRL
_cCRL
_bmal
041 _2mal
_amal
082 _aO32,1N20,3, J6
100 _aAnandakuttan
_9594337
245 0 _aSahapadhikal
260 _c1956
650 _aMALAYALAM LITERATURE
_938866
942 _hO32,1N20,3, J6
_cTEXL
_2cc
999 _c1057939
_d1057939